[Event "27th Hoogeveen Open 2024"]
[Site "Hoogeveen NED"]
[Date "2024.11.02"]
[Round "9.24"]
[White "Goudriaan, Rafael"]
[Black "Van der Lubben, Arno"]
[Result "1/2-1/2"]
[WhiteElo "2101"]
[BlackElo "1997"]
[WhiteFideId "1063162"]
[BlackFideId "1068920"]
[EventDate "2024.10.26"]
[EventType "swiss"]

1. Nf3 d5 2. g3 Nd7 3. Bg2 e5 4. O-O Ngf6 5. d4 e4 6. Ne5 Bd6 7. Nxd7 Bxd7 8. c4
c6 9. Bg5 Be7 10. Nc3 Be6 11. cxd5 cxd5 12. Qb3 O-O 13. f3 Re8 14. Rad1 exf3 15.
Bxf3 Ng4 16. Bxe7 Qxe7 17. Nxd5 Qg5 18. Bxg4 Bxd5 19. Qb5 Rad8 20. Bf3 Qe3+ 21.
Rf2 Bxa2 22. Rd3 Qc1+ 23. Rf1 Qc4 24. Qxc4 Bxc4 25. Rd2 Bd5 26. Bxd5 Rxd5 27.
Rc1 Kf8 28. Rc7 Re7 29. Rc8+ Re8 30. Rxe8+ Kxe8 31. e4 Rb5 32. Kf2 Rb3 33. Ke2
f6 34. Rc2 Kd7 35. Kd2 h5 1/2-1/2

[Event "27th Hoogeveen Open 2024"]
[Site "Hoogeveen NED"]
[Date "2024.11.02"]
[Round "9.25"]
[White "Grooten, Herman"]
[Black "Zecha, Oscar"]
[Result "1/2-1/2"]
[WhiteTitle "IM"]
[WhiteElo "2216"]
[BlackElo "2097"]
[WhiteFideId "1000330"]
[BlackFideId "1073826"]
[EventDate "2024.10.26"]
[EventType "swiss"]

1. d4 Nf6 2. c4 e6 3. Nf3 d5 4. Nc3 Bb4 5. cxd5 exd5 6. Bg5 O-O 7. e3 h6 8. Bh4
Bf5 9. Qb3 Nc6 10. Bb5 Bxc3+ 11. bxc3 Na5 12. Qb4 b6 13. O-O g5 14. Bg3 Ne4 15.
Ne5 a6 16. Nc6 Qf6 17. Ne7+ Kh7 18. Nxd5 Qd8 19. Nxc7 Nxg3 20. fxg3 Qxc7 21.
Rxf5 axb5 22. Raf1 Nc4 23. Rxb5 Nxe3 24. Rf6 Kg7 25. Rf3 Rfe8 26. a4 Qc4 27.
Qxc4 Nxc4 28. Rb4 Re1+ 29. Rf1 Rxf1+ 30. Kxf1 Ne3+ 31. Ke2 Nd5 32. Rb3 Rxa4 33.
Kd3 Kf6 34. c4 Rb4 35. Ra3 Nc7 36. Kc3 Rb1 37. Kc2 Rb4 38. Kc3 Rb1 39. Kc2 Re1
40. d5 Ke5 41. Ra7 Nxd5 42. cxd5 Re2+ 43. Kd3 Rxg2 44. Rxf7 Rxh2 45. Rb7 Rh3 46.
Kc4 Rxg3 47. Rxb6 h5 48. Re6+ Kf5 49. Re1 Rg2 50. Rd1 h4 51. d6 Rc2+ 52. Kd5 Rc8
53. Rh1 Kg4 54. Rg1+ Kh5 55. Ke6 g4 56. d7 Rd8 57. Rc1 g3 58. Rc8 Rxd7 59. Kxd7
Kg4 60. Ke6 h3 61. Rc4+ Kf3 62. Kf5 g2 63. Rc3+ Kf2 64. Rxh3 g1=Q 65. Rh4 Qg7
66. Rf4+ Kg3 67. Re4 Qf7+ 68. Ke5 Kf3 69. Rd4 Qe7+ 70. Kd5 Ke3 71. Rc4 Qd7+ 72.
Kc5 Kd3 73. Rb4 Qc7+ 74. Kb5 Kc3 75. Ka6 Qc8+ 76. Rb7 Kc4 77. Ka7 Qd8 78. Rh7
Qe8 79. Rc7+ Kb5 80. Rb7+ Ka5 81. Rc7 Qf8 82. Kb7 Kb5 83. Rd7 Qf5 84. Kc7 Kc5
85. Re7 Qf6 86. Kd7 Kd5 87. Ke8 Qh8+ 88. Kf7 Qd8 89. Re8 Qg5 90. Re7 Kd6 91.
Re6+ Kd7 92. Rf6 Qh5+ 93. Rg6 Qf5+ 94. Kg7 Ke7 95. Kh6 Qe5 96. Rg5 Qh8+ 97. Kg6
Ke6 98. Rg4 Qg8+ 99. Kh5 Qh7+ 100. Kg5 Ke5 101. Rg3 Qg7+ 102. Kh4 Qh6+ 103. Kg4
Ke4 104. Rg2 Qg6+ 105. Kh3 Qh5+ 106. Kg3 Qg5+ 107. Kh3 Qh5+ 108. Kg3 Ke3 109.
Rg1 Qg5+ 110. Kh2 Qh4+ 111. Kg2 Ke2 112. Ra1 Qe4+ 113. Kh3 Qh7+ 114. Kg4 Qg7+ 1/2-1/2

[Event "27th Hoogeveen Open 2024"]
[Site "Hoogeveen NED"]
[Date "2024.11.02"]
[Round "9.26"]
[White "Markuszewski, Maksymilian"]
[Black "Westerlaan, Sander"]
[Result "1-0"]
[WhiteElo "2079"]
[BlackElo "1979"]
[WhiteFideId "651018306"]
[BlackFideId "1044346"]
[EventDate "2024.10.26"]
[EventType "swiss"]

1. d4 d5 2. c4 e6 3. Nf3 Nf6 4. Nc3 a6 5. c5 b6 6. cxb6 c5 7. Bf4 Bd6 8. Bxd6
Qxd6 9. dxc5 Qxc5 10. Qd4 Qd6 11. e4 Nc6 12. Qa4 Nxe4 13. Nxe4 dxe4 14. Nd2 O-O
15. Rd1 Bb7 16. Qxe4 f5 17. Qd3 Nd4 18. Nc4 Qb4+ 19. Qc3 Qxc3+ 20. bxc3 Nb5 21.
Na5 Nxc3 22. Rd3 Nd5 23. Nxb7 Rfb8 24. Na5 Rxb6 25. Rb3 Rc8 26. Bc4 Rc5 27. Bxd5
exd5 28. Rxb6 Rc1+ 29. Ke2 Rxh1 30. Rxa6 Rxh2 31. Kf3 Rh4 32. Nc6 Re4 33. Ra7
Kf8 34. a4 h5 35. a5 h4 36. Ra8+ Kf7 37. a6 g5 38. g4 fxg4+ 39. Kg2 Re2 40. a7
Ra2 41. Rh8 1-0

[Event "27th Hoogeveen Open 2024"]
[Site "Hoogeveen NED"]
[Date "2024.11.02"]
[Round "9.27"]
[White "Vaupot, Kajetan"]
[Black "Den Heijer, Rolinde"]
[Result "1/2-1/2"]
[WhiteElo "1870"]
[BlackElo "2018"]
[WhiteFideId "14641003"]
[BlackFideId "1068300"]
[EventDate "2024.10.26"]
[EventType "swiss"]

1. d4 Nf6 2. c4 e6 3. g3 d5 4. Nf3 dxc4 5. Bg2 Bb4+ 6. Bd2 a5 7. O-O O-O 8. Bg5
h6 9. Bxf6 Qxf6 10. Qc2 Nc6 11. e3 e5 12. d5 Ne7 13. a3 Bd6 14. Qxc4 b5 15. Qd3
Bf5 16. e4 Bg4 17. Nc3 Rab8 18. Nd2 Bd7 19. Ne2 Qg5 20. f4 Qh5 21. fxe5 Qxe5 22.
Nf3 Bc5+ 23. Ned4 Qd6 24. Kh1 a4 25. Rae1 b4 26. e5 Qxd5 27. Ng5 Bf5 28. Qxf5
Qxg2+ 29. Kxg2 Nxf5 30. Nxf5 hxg5 31. Rc1 bxa3 32. bxa3 Rb2+ 33. Kh1 Bb6 34.
Ne7+ Kh7 35. Rf5 g6 36. Rf6 Bd4 37. Nc6 Bb6 38. Rcf1 Rc2 39. Rxf7+ Rxf7 40.
Rxf7+ Kg8 41. Rf6 g4 42. Rxg6+ Kh7 43. Rxg4 Rxc6 44. Rxa4 Rc1+ 45. Kg2 Re1 46.
e6 Rxe6 47. h4 Kg6 48. Rc4 Re2+ 49. Kh3 Re3 50. a4 Ra3 51. Kg4 c5 52. Re4 Ba5
53. h5+ Kh6 54. Kh4 Bd8+ 55. Kg4 Rb3 56. Re6+ Kg7 57. h6+ Kh7 58. Rc6 Rb4+ 59.
Kh5 Rxa4 60. Rxc5 Ra5 61. Rxa5 Bxa5 62. g4 Bd2 1/2-1/2

[Event "27th Hoogeveen Open 2024"]
[Site "Hoogeveen NED"]
[Date "2024.11.02"]
[Round "9.28"]
[White "Verheij, Dana"]
[Black "Ambrona Navarro, Himar"]
[Result "0-1"]
[WhiteElo "1972"]
[BlackElo "1971"]
[WhiteFideId "1063790"]
[BlackFideId "94740925"]
[EventDate "2024.10.26"]
[EventType "swiss"]

1. e4 c6 2. Nf3 d5 3. d3 dxe4 4. dxe4 Qxd1+ 5. Kxd1 Nf6 6. Nfd2 g5 7. a4 h5 8.
a5 Be6 9. Bd3 Nbd7 10. Nf3 g4 11. Ng5 Nc5 12. Nxe6 Nxe6 13. Be3 Bh6 14. Bxh6
Rxh6 15. e5 Nd7 16. Re1 Nf4 17. Bf1 Re6 18. Ra4 Ng6 19. Nd2 Rxe5 20. Rxe5 Ndxe5
21. Rb4 O-O-O 22. Kc1 Rd6 23. Be2 Nd7 24. f3 f5 25. Bd3 e6 26. Nc4 Rd5 27. a6 b6
28. fxg4 hxg4 29. Ne3 Ra5 30. Rd4 Nge5 31. Be2 Kc7 32. Nc4 Nxc4 33. Bxc4 e5 34.
Rd3 Nc5 35. Re3 Ra1+ 36. Kd2 Ne4+ 37. Ke2 Kd6 38. h3 Rg1 39. hxg4 Rxg2+ 40. Ke1
Rxg4 41. Rd3+ Kc5 42. Be6 Rg1+ 43. Ke2 Rg6 44. Bc8 Rd6 45. Rh3 Rf6 46. Rh7 Nd6
47. Bb7 Rf7 48. Rh5 Nxb7 49. axb7 Rxb7 50. Rxf5 Kd4 51. Rf6 c5 52. Rd6+ Ke4 53.
Rh6 Rg7 54. Rh4+ Kf5 55. b4 Rg4 56. Rh5+ Kg6 57. Rxe5 Rxb4 58. Re7 Ra4 59. Kd2
Kf6 60. Re8 Rd4+ 61. Kc3 Rd7 62. Kb3 Re7 63. Rb8 Ke5 64. Kc4 Ke4 65. Ra8 Ke3 66.
Rd8 Re4+ 67. Kb5 Rd4 68. Ra8 Rb4+ 69. Kc6 Kd2 70. c4 Rxc4 71. Rxa7 Rb4 72. Rb7
c4 73. Rd7+ Kc2 74. Rd4 Kb3 75. Rh4 c3 76. Rh3 Kb2 0-1

[Event "27th Hoogeveen Open 2024"]
[Site "Hoogeveen NED"]
[Date "2024.11.02"]
[Round "9.29"]
[White "Westerhof, Fleur"]
[Black "Gortemaker, Lucas"]
[Result "1-0"]
[WhiteElo "1904"]
[BlackElo "2073"]
[WhiteFideId "1080369"]
[BlackFideId "1013394"]
[EventDate "2024.10.26"]
[EventType "swiss"]

1. e4 c6 2. d4 d5 3. Nc3 dxe4 4. Nxe4 Bf5 5. Ng3 Bg6 6. Nf3 e6 7. h4 h6 8. h5
Bh7 9. Bd3 Bxd3 10. Qxd3 Nf6 11. Bd2 Be7 12. O-O-O O-O 13. Ne4 c5 14. Nxc5 Bxc5
15. dxc5 Qxd3 16. cxd3 Rd8 17. Bc3 Ng4 18. Rd2 Rd5 19. d4 a5 20. Ne5 Nxe5 21.
dxe5 Rxd2 22. Kxd2 Nc6 23. Kc2 Ne7 24. Rh4 a4 25. Rb4 Ra7 26. Rb6 Kf8 27. Rd6
Ke8 28. Kd3 Nf5 29. Rb6 Kd7 30. Kc4 Ne7 31. Rd6+ Kc7 32. Kb5 Nc6 33. Rd3 Ra8 34.
Rg3 Rg8 35. Kxa4 g6 36. Rf3 gxh5 37. Rxf7+ Kb8 38. g3 Rg4+ 39. Kb5 Na7+ 40. Kb6
Nc8+ 41. Ka5 h4 42. gxh4 Rxh4 43. Rf6 h5 44. Rxe6 Re4 45. f3 Rc4 46. Kb5 Rh4 47.
Rh6 Kc7 48. Rh7+ Kb8 49. e6 Na7+ 50. Kb6 Ra4 51. Be5+ Ka8 52. Rh8+ Nc8+ 53.
Rxc8# 1-0

[Event "27th Hoogeveen Open 2024"]
[Site "Hoogeveen NED"]
[Date "2024.11.02"]
[Round "9.30"]
[White "Wildschut, Marcel"]
[Black "Fehr, Axel"]
[Result "1/2-1/2"]
[WhiteElo "2069"]
[BlackElo "2021"]
[WhiteFideId "1019139"]
[BlackFideId "4675185"]
[EventDate "2024.10.26"]
[EventType "swiss"]

1. e4 d6 2. d4 g6 3. Nc3 a6 4. Be2 b5 5. a3 Bb7 6. f4 Nd7 7. Bf3 Bg7 8. Nge2 e5
9. O-O Ne7 10. f5 O-O 11. g4 exd4 12. Nxd4 Nc6 13. Nxc6 Bxc6 14. Nd5 Bxd5 15.
Qxd5 Nb6 16. Qb3 Qh4 17. Qe3 Nc4 18. Qf2 Qxf2+ 19. Kxf2 Bd4+ 20. Kg2 Bxb2 21.
Bxb2 Nxb2 22. e5 Nc4 23. Bxa8 Ne3+ 24. Kf2 Nxf1 25. Bd5 Nd2 26. Rd1 Nc4 27. Bxc4
bxc4 28. exd6 cxd6 29. Rxd6 gxf5 30. gxf5 Rb8 31. Rc6 Rb5 32. Rxc4 Rxf5+ 33. Kg3
Ra5 1/2-1/2